000 00225nam a2200121Ia 4500
100 _a#N/A
942 _cBK
245 _aPrinciples of Soft computing
260 _b#N/A
082 _b22436
546 _aENGLISH
999 _c33133
_d33133